01168nam a2200229 a 450000100060000000300080000600500170001400800410003103500190007204000260009104100080011708200180012510000400014324501140018326000410029730000600033850503490039865000200074794200120076799900170077995201420079679714BD-RjUL20220418121433.0220418s187u enkaf 000 1 eng c a(BD-RjUL)79714 aBD-RjULbengcBD-RjUL aeng 223a823bDIC 1 aDickens, Charles,d1812-1870.9226510aChristmas stories from "Household words" and "All the year round" /cby Charles Dickens ; with illustrations. aLondon :bChapman and Hall,c[187-?] a709 p., [14] leaves of plates :bill., front. ;c23 cm.0 aSeven poor travellers.--The holly-tree.--The wreck of the Golden Mary.--The perils of certain English prisoners.--Going into society.--The haunted house.--A message from the sea.--Tom Tiddler's ground.--Somebody's luggage.--Mrs Lirriper's lodgings--Mrs Lirriper's legacy.--Doctor Marigold.--Two ghost stories.--Mugby Junction.--No thoroughfare. aEnglish fiction 2ddccBK c79714d79714 00102ddc40718NFICaRUCLbRUCLcReadingd1956-11-20eB.H. Blackeell ltd.g14.00l0o823 DIC r2022-04-18 00:00:00tC-1w2022-04-18yBK